000 00263nam a22000977a 4500
008 221018b |||||||| |||| 00| 0 eng d
020 _a9780007368549
100 _aAriely Dan
_97581
245 _aPredictably Irrational
260 _aUSA
_bHarper Collins Publishers
_c2009
999 _c12077
_d12077